000 00968nam a2200277 i 4500
003 DO-SdBNP
005 20250305084237.0
007 ta
008 250305s200u dr 001 0 spa d
040 _aDO-SdBNP
_bspa
_cBNPHU
_erda
082 _a346.064
_bR426L, 200-
_222
110 1 _aRepublica Dominicana.
_9447
240 1 0 _a[Leyes, etc.]
245 1 0 _aLey 122-05 que regula y fomenta las asociaciones sin fines de lucro :
_bpromulgada el 3 de mayo del 2005. /
264 _aSanto Domingo :
_b[editor no identificado],
_c[2005].
300 _a35 páginas
_c21 cm.
336 _atexto
_btxt
_2rdacontent
337 _asin mediación
_bn
_2rdamedia
338 _avolumen
_bnc
_2rdacarrier
590 _aInventariado, 2025/ YL
650 4 _aOrganizaciones sin animo de lucro
_xLegislación
_957236
650 4 _aOrganizaciones no-gubernamentales
_xLegislación
_957237
651 4 _aRepública Dominicana
_xLey 122-05
_957238
910 _aYLockward
942 _2ddc
_cLF2
999 _c58303
_d58303